BIBLIOTHÈQUE DE LA MAISON DU MEXIQUE

Logo 1 Logo 2

Historia de la literatura alemana (notice nᵒ 1514)

détails MARC
000 -Sello discográfico
campo de control de longitud fija 00886nam a2200289 4500
005 - Identificación de versión
campo de control 20251016083011.0
035 ## - Otros números de control del sistema
Número de control del sistema 8047
099 ## - fechas locales
Tipo de ítem Koha LIBRO
100 ## - Datos de procesamiento general
Datos de procesamiento general 19970414d19721961m y1spay5003 ba
105 ## - Campo de datos codificados: Material textual, monográfico
Datos codificados de monografía y 001zy
200 1# - Título y mención de responsabilidad
Título propio Historia de la literatura alemana
Designación general del material texto impreso
Primer mención de responsabilidad Rodolfo E. Modern
205 ## - Declaración de edición
Declaración de edición 3a ed corr y aum
210 ## - Publicación, distribución, etc.
Lugar de publicación, distribución, etc. México
Nombre del editor, distribuidor, etc. Fondo de Cultura Económica
Fecha de publicación, distribución, etc. 1972
215 ## - Descripción física
Designación de material específico y extensión del ítem 371 p
Dimensiones 17 cm
345 ## - Nota de información de adquisición
Fuente de adquisición/dirección de la suscripción [OBSOLETO] Donación
410 #1 - Series
Título Breviarios del Fondo de Cultura Económica
Número de volumen 159
606 ## - Término temático usado como materia
Elemento de entrada Literatura alemana
Subdivisión temática Historia y crítica
Número Koha 3861
660 ## - Código de área geográfica
Código MX
700 ## - Nombre personal - Responsabilidad primaria
Elemento de entrada Modern
Parte del nombre distinta del elemento de entrada Rodolfo Enrique
Fechas 1922-2016
Número Koha 3862
801 #0 - Fuente de origen
Agencia cm
900 ## -
-- 1/13680
900 ## -
-- 710973156\\140497
942 ## - ELEMENTOS DE ENTRADA SECUNDARIOS (KOHA)
Tipo de ítem Koha Livre
996 ## -
-- MEX
-- 751145101
-- MMAG
-- 004630
-- 082.1 B846 V.159
-- 20210329LIV
Exemplaires
Estatus retirado Estado de daño Estado de pérdida Fecha de adquisición Biblioteca de origen Biblioteca actual Ubicación en estantería Código de barras Precio de reemplazo Signatura topográfica completa No para préstamo Tipo de ítem Koha Nota pública Nota no pública
      05/08/2025 Casa México Paris Casa México Paris   004630 05/08/2025 082.1 B846 V.159   Livre 20210329LIV 751145101